[Event "TUR-chT 2nd League"]
[Site "Konya"]
[Date "2022.08.23"]
[Round "3.15"]
[White "Usluoglu, Servet"]
[Black "Kolsuz, Umut"]
[Result "1/2-1/2"]
[WhiteElo "1674"]
[BlackElo "1486"]
[PlyCount "100"]
[EventDate "2022.08.22"]
[EventType "team-swiss"]
[EventRounds "9"]
[EventCountry "TUR"]
[SourceTitle "CBM 210 Extra"]
[Source "ChessBase"]
[SourceDate "2022.11.30"]
[SourceVersion "1"]
[SourceVersionDate "2022.11.30"]
[SourceQuality "1"]
[WhiteTeam "Karaman Tabduk Emre"]
[BlackTeam "Hayat"]
[WhiteTeamCountry "TUR"]
[BlackTeamCountry "TUR"]

1. e4 c5 2. Nf3 d6 3. d4 cxd4 4. Nxd4 Nf6 5. Nc3 a6 6. Be3 e6 7. Be2 Nbd7 8. a4 b6 9. Qd2 Bb7 10. f3 Qc7 11. 0-0 Be7 12. Rfd1 Ne5 13. Qe1 Rc8 14. Qf2 Nc4 15. Bxc4 Qxc4 16. Nb3 d5 17. Nd2 Qb4 18. exd5 Bxd5 19. Rab1 b5 20. axb5 axb5 21. Kh1 0-0 22. Nxd5 Nxd5 23. c3 Qa4 24. Bd4 f6 25. Ne4 Qc4 26. Re1 e5 27. Be3 Rfd8 28. Ng3 Nxe3 29. Qxe3 Bc5 30. Qe4 Bf2 31. Re2 Bxg3 32. hxg3 Qxe4 33. Rxe4 Rc4 34. Rxc4 bxc4 35. Ra1 Rb8 36. Ra4 Rxb2 37. Rxc4 Rb7 38. g4 Kf7 39. Rc6 Ke7 40. Kg1 Kd7 41. Rc4 g6 42. Kf2 f5 43. gxf5 gxf5 44. Ke3 Kd6 45. Ra4 Rc7 46. Kd3 Re7 47. Ra6+ Kc5 48. Ra5+ Kd6 49. Ra6+ Kc5 50. Ra5+ Kd6 1/2-1/2

[Event "TUR-chT 2nd League"]
[Site "Konya"]
[Date "2022.08.22"]
[Round "1.7"]
[White "Usluoglu, Servet"]
[Black "Celik, Ege Yigit"]
[Result "1/2-1/2"]
[WhiteElo "1674"]
[BlackElo "2146"]
[PlyCount "128"]
[EventDate "2022.08.22"]
[EventType "team-swiss"]
[EventRounds "9"]
[EventCountry "TUR"]
[SourceTitle "CBM 210 Extra"]
[Source "ChessBase"]
[SourceDate "2022.11.30"]
[SourceVersion "1"]
[SourceVersionDate "2022.11.30"]
[SourceQuality "1"]
[WhiteTeam "Karaman Tabduk Emre"]
[BlackTeam "Pamukkale Yonetimi"]
[WhiteTeamCountry "TUR"]
[BlackTeamCountry "TUR"]

1. e4 c5 2. Nf3 Nc6 3. d4 cxd4 4. Nxd4 Qb6 5. Nb3 Nf6 6. Nc3 e6 7. Be3 Qc7 8. a3 a6 9. Be2 Be7 10. 0-0 0-0 11. f4 d6 12. Bf3 b5 13. Qe2 Bb7 14. Qf2 Rac8 15. Rad1 Nd7 16. h3 Nc5 17. Nxc5 dxc5 18. Bxc5 Bxc5 19. Qxc5 Qxf4 20. Qb6 Qc7 21. Qxc7 Rxc7 22. Be2 Rfc8 23. Rd2 Kf8 24. Rfd1 Ne5 25. Kf2 Rxc3 26. bxc3 Rxc3 27. a4 bxa4 28. Ra1 a3 29. Bd3 Nc6 30. Ke3 e5 31. Rf2 Nb4 32. Kd2 Nxd3 33. cxd3 Rb3 34. Ke3 g6 35. Rfa2 f5 36. Rxa3 Rb2 37. g3 Ke7 38. R1a2 Rb4 39. Ra4 Rb3 40. R2a3 Rb2 41. Ra5 Kd6 42. Rxa6+ Bxa6 43. Rxa6+ Ke7 44. Ra7+ Kf6 45. Rxh7 Rg2 46. Kf3 Rd2 47. Rd7 Ke6 48. Rd8 Ke7 49. Rd5 Ke6 50. Rd8 Ke7 51. Rd5 Ke6 52. h4 fxe4+ 53. dxe4 Rxd5 54. exd5+ Kxd5 55. g4 e4+ 56. Kf4 Kd4 57. h5 gxh5 58. gxh5 e3 59. h6 e2 60. h7 e1Q 61. h8Q+ Kd3 62. Qd8+ Kc2 63. Qc7+ Qc3 64. Qxc3+ Kxc3 1/2-1/2

[Event "TUR-chT 2nd League"]
[Site "Konya"]
[Date "2019.07.26"]
[Round "7.14"]
[White "Yetkin, Ayhan"]
[Black "Usluoglu, Servet"]
[Result "1-0"]
[WhiteElo "1775"]
[BlackElo "1747"]
[PlyCount "69"]
[EventDate "2019.07.22"]
[EventType "team-swiss"]
[EventRounds "9"]
[EventCountry "TUR"]
[SourceTitle "CBM 191 Extra"]
[Source "ChessBase"]
[SourceDate "2019.09.30"]
[SourceVersion "1"]
[SourceVersionDate "2019.09.30"]
[SourceQuality "1"]
[WhiteTeam "Altin Hamle Corum"]
[BlackTeam "Mardin Kale"]
[WhiteTeamCountry "TUR"]
[BlackTeamCountry "TUR"]

1. d4 Nf6 2. Bf4 d6 3. Nc3 g6 4. e4 Bg7 5. Qd2 0-0 6. 0-0-0 c6 7. Bh6 b5 8. f3 Qa5 9. Kb1 Nbd7 10. g4 Rb8 11. h4 Re8 12. Bxg7 Kxg7 13. h5 Rh8 14. hxg6 fxg6 15. Qh6+ Kf7 16. Nh3 Ke8 17. Nf4 Nf8 18. g5 Nh5 19. Nxh5 gxh5 20. Qxh5+ Kd8 21. Bh3 Bxh3 22. Rxh3 b4 23. Ne2 Ne6 24. f4 Nc7 25. g6 Qxh5 26. Rxh5 Kd7 27. Rdh1 Rbg8 28. f5 Ne8 29. Rxh7 Rxh7 30. Rxh7 Nf6 31. Rh4 e6 32. Kc1 Nxe4 33. fxe6+ Kxe6 34. Rxe4+ Kf6 35. Rg4 1-0

[Event "TUR-chT 2nd League"]
[Site "Konya"]
[Date "2019.07.22"]
[Round "1.13"]
[White "Asilkefeli, Metin"]
[Black "Usluoglu, Servet"]
[Result "1-0"]
[WhiteElo "1907"]
[BlackElo "1747"]
[PlyCount "75"]
[EventDate "2019.07.22"]
[EventType "team-swiss"]
[EventRounds "9"]
[EventCountry "TUR"]
[SourceTitle "CBM 191 Extra"]
[Source "ChessBase"]
[SourceDate "2019.09.30"]
[SourceVersion "1"]
[SourceVersionDate "2019.09.30"]
[SourceQuality "1"]
[WhiteTeam "Samsun Gercek"]
[BlackTeam "Mardin Kale"]
[WhiteTeamCountry "TUR"]
[BlackTeamCountry "TUR"]

1. d4 Nf6 2. Nf3 g6 3. g3 Bg7 4. Bg2 d5 5. c4 c6 6. 0-0 0-0 7. cxd5 cxd5 8. Nc3 h6 9. Ne5 Nc6 10. Nxc6 bxc6 11. h3 Nh5 12. g4 Nf6 13. Bf4 Kh7 14. Rc1 Nd7 15. Na4 e5 16. Be3 Bb7 17. dxe5 Bxe5 18. Qd2 Qh4 19. Qb4 Ba6 20. f4 Bg7 21. Rxc6 Bxe2 22. Bf2 Qd8 23. Rfc1 Rb8 24. Qa3 Bb5 25. Rd6 Qa5 26. b3 Qd2 27. Rxd5 Qxf4 28. Rcd1 Be5 29. Rxb5 Rxb5 30. Rxd7 Rc8 31. Nc5 Bd6 32. Qxa7 Kg8 33. Nd3 Qf6 34. Qe3 Qa1+ 35. Bf1 Bc5 36. Nxc5 Rbxc5 37. Qe7 Qg7 38. Bxc5 1-0

[Event "TUR Cup"]
[Site "Antalya"]
[Date "2019.02.01"]
[Round "9"]
[White "Lokman, Hilmi Merih"]
[Black "Usluoglu, Servet"]
[Result "0-1"]
[WhiteElo "1597"]
[BlackElo "1783"]
[PlyCount "84"]
[EventDate "2019.01.27"]
[EventType "swiss"]
[EventRounds "11"]
[EventCountry "TUR"]
[SourceTitle "CBM 188 Extra"]
[Source "ChessBase"]
[SourceDate "2019.02.26"]
[SourceVersion "1"]
[SourceVersionDate "2019.02.26"]
[SourceQuality "1"]

1. d4 Nf6 2. c4 d6 3. Nc3 g6 4. e4 Bg7 5. Bd3 0-0 6. Nge2 e5 7. d5 Nh5 8. Be3 a6 9. Qd2 c6 10. Na4 Nd7 11. g4 Nhf6 12. Bg5 Nb6 13. Nac3 Bxg4 14. 0-0-0 Qc7 15. f3 Bxf3 16. Rhf1 Bxe2 17. Bxe2 Ne8 18. Bg4 cxd5 19. cxd5 Na4 20. Rf3 f6 21. Be6+ Kh8 22. Bh6 Nc5 23. Kb1 b5 24. Rc1 Qe7 25. Qe3 b4 26. Nd1 Bxh6 27. Qxh6 Nxe4 28. Rh3 Ng5 29. Rg3 Ng7 30. Ne3 N7xe6 31. dxe6 Qg7 32. Qh4 Nxe6 33. Nf5 Qd7 34. Rxg6 Ng5 35. Ne3 d5 36. Rf1 d4 37. Ng4 Qb5 38. Nf2 Qxf1+ 39. Kc2 Rac8+ 40. Kb3 Qc4+ 41. Ka4 b3+ 42. Ka3 bxa2 0-1

[Event "TUR Cup"]
[Site "Antalya"]
[Date "2019.01.30"]
[Round "5"]
[White "Deva, Atilla"]
[Black "Usluoglu, Servet"]
[Result "1/2-1/2"]
[WhiteElo "1621"]
[BlackElo "1783"]
[PlyCount "41"]
[EventDate "2019.01.27"]
[EventType "swiss"]
[EventRounds "11"]
[EventCountry "TUR"]
[SourceTitle "CBM 188 Extra"]
[Source "ChessBase"]
[SourceDate "2019.02.26"]
[SourceVersion "1"]
[SourceVersionDate "2019.02.26"]
[SourceQuality "1"]

1. d4 Nf6 2. Bf4 d6 3. Nc3 g6 4. e4 Bg7 5. Qd2 c6 6. h4 Nbd7 7. Nf3 Qc7 8. 0-0-0 b5 9. e5 Nh5 10. exd6 exd6 11. Re1+ Kf8 12. Qe3 Ndf6 13. Bh2 Bf5 14. Bd3 Ng4 15. Qd2 Bxd3 16. cxd3 Nxh2 17. Rxh2 Nf6 18. Kb1 a5 19. Qf4 Re8 20. Rhh1 h6 21. Rc1 1/2-1/2

[Event "TUR-chT 2nd League"]
[Site "Konya"]
[Date "2018.07.17"]
[Round "3.2"]
[White "Simsek, Cevdet"]
[Black "Usluoglu, Servet"]
[Result "1-0"]
[WhiteElo "2088"]
[BlackElo "1759"]
[PlyCount "93"]
[EventDate "2018.07.16"]
[EventType "team-swiss"]
[EventRounds "9"]
[EventCountry "TUR"]
[SourceTitle "EXT 2019"]
[Source "ChessBase"]
[SourceDate "2018.10.10"]
[SourceVersion "1"]
[SourceVersionDate "2018.10.10"]
[SourceQuality "1"]
[WhiteTeam "Istanbul Moda"]
[BlackTeam "Mardin Kale"]
[WhiteTeamCountry "TUR"]
[BlackTeamCountry "TUR"]

1. d4 Nf6 2. c4 e6 3. g3 d5 4. Nf3 Nbd7 5. Bg2 c6 6. Qc2 dxc4 7. Qxc4 Nb6 8. Qc2 Qc7 9. 0-0 Be7 10. Bf4 Bd6 11. Bxd6 Qxd6 12. e4 Qc7 13. Nc3 a6 14. b4 0-0 15. a3 Qe7 16. h4 Nbd7 17. e5 Nd5 18. Ng5 g6 19. Nge4 f6 20. exf6 N7xf6 21. Rfe1 Nxc3 22. Qxc3 Nxe4 23. Rxe4 Bd7 24. Rae1 Rf6 25. f4 Re8 26. Bh3 Qf7 27. Re5 Bc8 28. Qe3 Rd8 29. Bg4 h5 30. Bf3 Rf5 31. Be4 Rxe5 32. fxe5 Rf8 33. Kg2 Kg7 34. Bd3 Bd7 35. Rf1 Qe7 36. Rxf8 Qxf8 37. Qg5 Be8 38. Be4 Qf7 39. g4 hxg4 40. h5 g3 41. Qxg3 Kf8 42. hxg6 Qe7 43. Qf3+ Kg8 44. Qh5 Qg7 45. Kg3 b6 46. Qh7+ Kf8 47. Kf4 1-0

[Event "TUR Cup										"]
[Site "Antalya"]
[Date "2018.02.01"]
[Round "9"]
[White "Usluoglu, Servet"]
[Black "Ozcan, Kaan"]
[Result "1-0"]
[WhiteElo "1764"]
[BlackElo "1587"]
[PlyCount "120"]
[EventDate "2018.01.27"]
[EventType "swiss"]
[EventRounds "11"]
[EventCountry "TUR"]
[SourceTitle "CBM 182 Extra"]
[Source "ChessBase"]
[SourceDate "2018.02.23"]
[SourceVersion "1"]
[SourceVersionDate "2018.02.23"]
[SourceQuality "1"]

1. e4 d5 2. exd5 Qxd5 3. d4 Nf6 4. Nf3 Bg4 5. Be2 c6 6. 0-0 e6 7. c4 Qd8 8. Nc3 Bd6 9. Bg5 Nbd7 10. Re1 0-0 11. Ne4 Be7 12. Ng3 h6 13. Bf4 Bxf3 14. Bxf3 Nb6 15. b3 Qd7 16. Be5 Rfd8 17. Qe2 Ne8 18. Rad1 Bf6 19. Nh5 Qe7 20. Qe4 Nd7 21. Qf4 g6 22. Nxf6+ Nexf6 23. Qh4 Kg7 24. Bc7 Rdc8 25. Qg3 Nb6 26. Bd6 Qd7 27. Be5 Qe7 28. d5 cxd5 29. cxd5 Nbxd5 30. Bxd5 exd5 31. Rxd5 Re8 32. h3 Kh7 33. Rd4 Nh5 34. Qd3 Nf6 35. Re3 Rad8 36. Bd6 Qd7 37. Bc5 Qc7 38. Be7 Rxd4 39. Qxd4 Rxe7 40. Qxf6 Rxe3 41. fxe3 Kg8 42. Qf4 Qxf4 43. exf4 Kg7 44. Kf2 Kf6 45. Ke3 Ke6 46. Ke4 f5+ 47. Kd4 Kd6 48. a4 b6 49. b4 a5 50. bxa5 bxa5 51. h4 h5 52. Kc4 Kc6 53. g3 Kd6 54. Kb5 Kd5 55. Kxa5 Ke4 56. Kb4 Kf3 57. a5 Kxg3 58. a6 Kxf4 59. a7 Kg4 60. a8Q Kxh4 1-0

[Event "TUR Cup										"]
[Site "Antalya"]
[Date "2018.01.29"]
[Round "4"]
[White "Usluoglu, Servet"]
[Black "Bulut, Nazim"]
[Result "1-0"]
[WhiteElo "1764"]
[BlackElo "1504"]
[PlyCount "109"]
[EventDate "2018.01.27"]
[EventType "swiss"]
[EventRounds "11"]
[EventCountry "TUR"]
[SourceTitle "CBM 182 Extra"]
[Source "ChessBase"]
[SourceDate "2018.02.23"]
[SourceVersion "1"]
[SourceVersionDate "2018.02.23"]
[SourceQuality "1"]

1. e4 e5 2. Nf3 Nc6 3. d4 exd4 4. Nxd4 Nxd4 5. Qxd4 d6 6. Nc3 Be6 7. Be3 c5 8. Qd2 a6 9. a4 g6 10. Be2 Qc7 11. 0-0 Bg7 12. f4 h5 13. f5 gxf5 14. exf5 Bd7 15. Bf4 Be5 16. Rad1 0-0-0 17. Nd5 Qc6 18. Bf3 Bd4+ 19. Kh1 Kb8 20. b3 f6 21. Nxf6 Nxf6 22. Bxc6 Bxc6 23. Rde1 Rhg8 24. Re2 h4 25. h3 Nh5 26. c3 Be5 27. Rxe5 Nxf4 28. Re2 Nxe2 29. Qxe2 Rxg2 30. Qxg2 Bxg2+ 31. Kxg2 Rf8 32. Rf4 Rf6 33. Kf3 d5 34. Kg4 Kc7 35. Kg5 Rf8 36. Rxh4 b5 37. axb5 axb5 38. Kg6 Kd6 39. f6 Ke6 40. Rf4 Rg8+ 41. Kh6 Kf7 42. Rf3 Rg6+ 43. Kh5 Rxf6 44. Rxf6+ Kxf6 45. Kg4 c4 46. bxc4 dxc4 47. Kf3 Ke5 48. Ke3 Kd5 49. h4 Kc5 50. h5 b4 51. cxb4+ Kxb4 52. h6 c3 53. h7 Kb3 54. h8Q Kc2 55. Qh2+ 1-0

[Event "TUR-chT 2nd League"]
[Site "Konya"]
[Date "2017.07.22"]
[Round "8.15"]
[White "Usluoglu, Servet"]
[Black "Aligil, Fadli"]
[Result "1-0"]
[WhiteElo "1772"]
[BlackElo "1814"]
[PlyCount "75"]
[EventDate "2017.07.17"]
[EventType "team-swiss"]
[EventRounds "9"]
[EventCountry "TUR"]
[SourceTitle "CBM 179 Extra"]
[Source "ChessBase"]
[SourceDate "2017.08.23"]
[SourceVersion "1"]
[SourceVersionDate "2017.08.23"]
[SourceQuality "1"]
[WhiteTeam "Mardin Kale"]
[BlackTeam "Antalya Deniz Genclik"]
[WhiteTeamCountry "TUR"]
[BlackTeamCountry "TUR"]

1. e4 e5 2. Nf3 Nc6 3. Bc4 Nf6 4. d3 Be7 5. 0-0 d6 6. c3 0-0 7. h3 Na5 8. Nbd2 c6 9. Bb3 Nxb3 10. Nxb3 h6 11. Qe2 Nh7 12. d4 Ng5 13. Bxg5 hxg5 14. dxe5 g4 15. hxg4 Bxg4 16. exd6 Bxd6 17. Qe3 Re8 18. Rfe1 f5 19. e5 Bc7 20. Qf4 Qe7 21. Nbd4 Rf8 22. Ng5 g6 23. Nde6 Rfe8 24. Nxc7 Qxc7 25. Qc4+ Kh8 26. e6 c5 27. Nf7+ Kg7 28. Re5 b6 29. Rae1 Qe7 30. Qf4 Qh4 31. f3 Rh8 32. Nxh8 Rxh8 33. fxg4 fxg4 34. e7 Qh1+ 35. Kf2 Qh4+ 36. Ke2 Re8 37. Rf1 Rxe7 38. Qf8+ 1-0

[Event "TUR-chT 2nd League"]
[Site "Konya"]
[Date "2017.07.20"]
[Round "5.13"]
[White "Usluoglu, Servet"]
[Black "Ozsakallioglu, Okan"]
[Result "0-1"]
[WhiteElo "1772"]
[BlackElo "1983"]
[PlyCount "64"]
[EventDate "2017.07.17"]
[EventType "team-swiss"]
[EventRounds "9"]
[EventCountry "TUR"]
[SourceTitle "CBM 179 Extra"]
[Source "ChessBase"]
[SourceDate "2017.08.23"]
[SourceVersion "1"]
[SourceVersionDate "2017.08.23"]
[SourceQuality "1"]
[WhiteTeam "Mardin Kale"]
[BlackTeam "Bolu Koroglu"]
[WhiteTeamCountry "TUR"]
[BlackTeamCountry "TUR"]

1. e4 c5 2. d3 g6 3. g3 Bg7 4. Bg2 Nc6 5. c3 e6 6. f4 d5 7. Nd2 Nge7 8. Ngf3 b6 9. 0-0 Ba6 10. c4 0-0 11. Rb1 Nb4 12. Qa4 Bb7 13. Ne1 Bc6 14. Qb3 Qd7 15. e5 Nf5 16. Ndf3 b5 17. g4 bxc4 18. dxc4 Ne7 19. Nd2 a5 20. a3 a4 21. Qg3 Na2 22. Nd3 dxc4 23. Bxc6 Nxc6 24. Nxc4 Qd4+ 25. Be3 Qxd3 26. Nb6 Nd4 27. Qf2 Rab8 28. Nd7 Nc3 29. Nxb8 Nce2+ 30. Kg2 Qe4+ 31. Kh3 Rxb8 32. Rfe1 Rb3 0-1

[Event "TUR Cup"]
[Site "Antalya"]
[Date "2017.02.04"]
[Round "11"]
[White "Usluoglu, Servet"]
[Black "Tahaoglu, Erson"]
[Result "1/2-1/2"]
[WhiteElo "1761"]
[BlackElo "1452"]
[PlyCount "92"]
[EventDate "2017.01.28"]
[EventType "swiss"]
[EventRounds "11"]
[EventCountry "TUR"]
[SourceTitle "EXT 2018"]
[Source "ChessBase"]
[SourceDate "2017.10.13"]
[SourceVersion "1"]
[SourceVersionDate "2017.10.13"]
[SourceQuality "1"]

1. e4 d5 2. exd5 Qxd5 3. Nc3 Qd6 4. d4 Nf6 5. Nf3 Bg4 6. Be2 c6 7. 0-0 Nbd7 8. Re1 e6 9. g3 Qc7 10. Bf4 Bd6 11. Ne5 Bxe2 12. Qxe2 0-0 13. Nd1 Nd5 14. Bd2 Bxe5 15. dxe5 a5 16. Qh5 N7b6 17. Re4 f5 18. Rh4 g6 19. Qe2 Nd7 20. Bf4 a4 21. c4 Nxf4 22. gxf4 Nc5 23. Nc3 a3 24. b3 Qa5 25. Rh3 Rf7 26. Rb1 Qc7 27. b4 Na4 28. Nxa4 Rxa4 29. Qc2 Ra7 30. Rd1 Rd7 31. Rhd3 Rxd3 32. Rxd3 Qe7 33. Qd2 b5 34. c5 Ra8 35. Rd7 Qh4 36. Rd6 Qg4+ 37. Kf1 Ra4 38. Rxe6 Kg7 39. Rxc6 Qf3 40. Rc7+ Kh6 41. Qd4 Qh1+ 42. Ke2 Qb1 43. Qd3 Qxa2+ 44. Kd1 Qa1+ 45. Ke2 Qa2+ 46. Kd1 Qa1+ 1/2-1/2

[Event "Manavgat Turkey Cup"]
[Site "Manavgat"]
[Date "2016.01.31"]
[Round "3"]
[White "Usluoglu, Servet"]
[Black "Deva, Atilla"]
[Result "1/2-1/2"]
[WhiteElo "1872"]
[BlackElo "1697"]
[PlyCount "95"]
[EventDate "2016.01.30"]
[EventType "swiss"]
[EventRounds "11"]
[EventCountry "TUR"]
[SourceTitle "CBM 170 Extra"]
[Source "ChessBase"]
[SourceDate "2016.02.25"]
[SourceVersion "1"]
[SourceVersionDate "2016.02.25"]
[SourceQuality "1"]

1. e4 Nc6 2. d4 e5 3. Nf3 exd4 4. Nxd4 g6 5. Nxc6 bxc6 6. Qd4 Qf6 7. e5 Qe7 8. Be2 Bg7 9. f4 Nh6 10. Nc3 Nf5 11. Qf2 Qb4 12. 0-0 Qb6 13. Ne4 d5 14. Nc5 Bf8 15. Nb3 h5 16. Bd3 Qxf2+ 17. Rxf2 a5 18. Bxf5 Bxf5 19. Be3 a4 20. Nd4 Be4 21. Nxc6 Kd7 22. Nd4 c5 23. Nf3 d4 24. Rd1 Bxf3 25. Rxf3 Ke6 26. Bf2 Be7 27. c3 Rhd8 28. cxd4 cxd4 29. Rxd4 Rxd4 30. Bxd4 Rd8 31. Be3 Kf5 32. Kf2 Rb8 33. Bd4 Rb4 34. Ke3 Rc4 35. g3 Rc1 36. Rf2 h4 37. Kf3 hxg3 38. hxg3 Rc4 39. g4+ Ke6 40. Ke4 Bd8 41. f5+ gxf5+ 42. gxf5+ Kd7 43. Kd5 Rxd4+ 44. Kxd4 Bb6+ 45. Kc4 Bxf2 46. e6+ fxe6 47. fxe6+ Kxe6 48. Kb4 1/2-1/2